| Tag |
First Indicator |
Second Indicator |
Subfields |
| LEADER |
00000cam a22000004a 4500 |
| 001 |
in00002028321 |
| 005 |
20151031170849.0 |
| 008 |
040701s2005 nju b 001 0 eng |
| 010 |
|
|
|a 2004015428
|
| 020 |
|
|
|a 0471432040 (cloth)
|
| 035 |
|
|
|a (OCoLC)ocm55846655
|
| 040 |
|
|
|a DLC
|c DLC
|d C#P
|d TXA
|d UtOrBLW
|
| 042 |
|
|
|a pcc
|
| 049 |
|
|
|a TXAM
|
| 050 |
0 |
0 |
|a TH425
|b .R59 2005
|
| 082 |
0 |
0 |
|a 692/.3
|2 22
|
| 100 |
1 |
|
|a Rosen, Harold J.
|
| 245 |
1 |
0 |
|a Construction specifications writing :
|b principles and procedures /
|c Harold J. Rosen, John R. Regener, Jr. ; M.D. Morris, advisory editor.
|
| 250 |
|
|
|a 5th ed.
|
| 264 |
|
1 |
|a Hoboken, N.J. :
|b J. Wiley,
|c [2005]
|
| 264 |
|
4 |
|c ©2005
|
| 300 |
|
|
|a xix, 428 pages ;
|c 28 cm.
|
| 336 |
|
|
|a text
|b txt
|2 rdacontent
|
| 337 |
|
|
|a unmediated
|b n
|2 rdamedia
|
| 338 |
|
|
|a volume
|b nc
|2 rdacarrier
|
| 504 |
|
|
|a Includes bibliographical references and index.
|
| 650 |
|
0 |
|a Specification writing.
|
| 650 |
|
0 |
|a Buildings
|v Specifications.
|
| 700 |
1 |
|
|a Regener, John R.
|
| 700 |
1 |
|
|a Morris, M. D.
|q (Morton Dan)
|
| 856 |
4 |
1 |
|3 Table of contents
|u http://www.loc.gov/catdir/toc/ecip0419/2004015428.html
|t 0
|
| 948 |
|
|
|a cataloged
|b h
|c 2005/1/27
|d c
|e ceaton
|f 11:17:46 am
|
| 994 |
|
|
|a C0
|b TXA
|
| 999 |
|
|
|a MARS
|
| 999 |
f |
f |
|s f203f451-ec23-3d97-984c-04926e4a1828
|i d40f40d1-4738-3955-913e-5349ece6e492
|t 0
|
| 952 |
f |
f |
|p normal
|a Texas A&M University
|b College Station
|c Sterling C. Evans Library
|d Evans: Library Stacks
|t 0
|e TH425 .R59 2005
|h Library of Congress classification
|i unmediated -- volume
|m A14831762349
|
| 998 |
f |
f |
|a TH425 .R59 2005
|t 0
|l Evans: Library Stacks
|